000 00368nam a22001577a 4500
003 MACL
005 20151118140044.0
008 151118b xxu||||| |||| 00| 0 eng d
040 _cMACL
041 _aEnglish
082 _a350
100 _aVir,Gautam
_917443
245 _aPublic Administration and Law
650 _aPublic administration
_917445
942 _2ddc
_cBK
999 _c50666
_d50666